Loading...
സാഹിത്യവിചാരം
| Main Author: | |
|---|---|
| Format: | Printed Book |
| Language: | English |
| Subjects: |
| LEADER | 00608nam a22001697a 4500 | ||
|---|---|---|---|
| 008 | 130725b xxu||||| |||| 00| 0 eng d | ||
| 020 | |a 9788188801244 | ||
| 082 | |a 894.14 PAU | ||
| 100 | |a പോള്, എം. പി. | ||
| 240 | |a Sahithyavicharam | ||
| 245 | |a സാഹിത്യവിചാരം |c എം. പി. പോള് | ||
| 300 | |a 94p. | ||
| 600 | |a Paul, M. P. | ||
| 650 | |a Essays | ||
| 942 | |2 ddc |c BK | ||
| 999 | |c 1902 |d 1902 | ||
| 952 | |0 0 |1 0 |2 ddc |4 0 |6 894_140000000000000_PAU |7 0 |9 2085 |a MAIN |b MAIN |d 2013-07-25 |e Lipi Publications |g 50.00 |l 13 |m 4 |o 894.14 PAU |p 2056 |r 2020-02-04 |s 2020-01-15 |w 2013-07-25 |y BK | ||